000 00667nam a2200241 i 4500
001 C2-0241708
003 PPAK
005 20180727203955.0
008 020813s1965 enk |||| ||||| | eng d
040 _aPPAK
_beng
_cPPAK
_erda
082 0 4 _a823
_223
090 0 0 _a823
_bCOL
_dKSI
100 1 _aCollins, Larry,
_eauthor
245 1 0 _aIs Paris burning ?
_bThe superb and stirring drama of the liberation of Paris
264 1 _aLondon :
_bPan Books ,
_c1965
300 _a408 pages ;
_c18 cm
336 _2rdacontent
_atext
337 _2rdamedia
_aunmediated
338 _2rdacarrier
_avolume
650 1 0 _aEnglish fiction
700 _eauthor
942 _ddc
_cB
999 _c56648
_d56648